01853njm a2200313Ia 450000100060000000300090000600500170001500800410003204000130007304000130008604100130009910000150011210000180012710000380014524500380018325000110022126000110023226000570024330000100030030000290031050003380033950504390067751100320111651100220114851100320117065000490120270001230125170001650137420224IT-RoPAU20220918181216.0131025s9999 xx 000 0 und d aIT-RoPAU cIT-RoPAU aITALIANO aWeill Kurt eAutore musica gCodice Autore Musica SPICS: 11200 aMilva canta Brecht (Lp Smrl 6080) a1a ed. aMILANO bRICORDIc1971 [1a Ed.:1971 - Ed. Lingua Orig.: 1971] aDISCO c34 minuti (Testo: pag.) aJenny dei pirati da "Die Dreigroschenoper" - Barbara Song da "Die Dreigroschenoper" - Ballata della schiavitù sessuale da "Die Dreigroschenoper" - Surabaya Jonny da "Happy End" - Nel letto in cui siamo staremo da "Aufstieg Und Fall Der Stadt...". Giorgio Streheler. Musica e teatro. Storie di vita. Musica e poesia. Musica leggera. aJenny dei pirati da "Die Dreigroschenoper" - Barbara Song da "Die Dreigroschenoper" - Ballata della schiavitù sessuale da "Die Dreigroschenoper" - Surabaya Jonny da "Happy End" - Nel letto in cui siamo staremo da "Aufstieg Und Fall Der Stadt...". - Ballata per una ragazza annegata da "Das Berliner Requiem" (5:00) - Ballata della donna del soldato nazista da "Schwejk Im Zweiten Weltkrieg" (4:00) - Ballata di Maria Sanders (4:00). aBaracchi Walter: pianoforte aStreheler Giorgio aMilva (Biolcati Maria Ilva) aCANZONE [DISCHI]eCodice MATERIA SPICS: 9950 aBrecht BertolteAutoregCodice autore SPICS: 8828pBallata della donna del soldato nazista - Ballata di Maria Sanders aEisslergCodice autore musica SPICS: 6992eAutore musicapBallata per una ragazza annegata - Ballata della donna del soldato nazista - Ballata di Maria Sanders